000 02112nam a2200313Ia 4500
001 H6754
003 IT-RoPAU
008 130308s9999 xx 000 0 und d
040 _aIT-RoPAU
040 _cIT-RoPAU
041 _aITALIANO
100 _aLonero Emilio
100 _gCodice Aut. SPICS: 51695
245 _aStoria della orbis-Universalia (La) cattolici e neorealismo
245 _bStoria della Orbis-Universalia (La) cattolici e Neorealismo
250 _a1a ed.
260 _aCANTALUPA (TORINO)
260 _bEffata'
260 _c2004 [1° Ed.:2004 - Ed.Ling.Originale:2004]
300 _a"208 p. (prefazione: no ; testo: 208 [pagine: 0-0])"
500 _a"Cinema Italiano dal 1930 al 1950: Cinema Italiano Alla vigilia seconda Guerra Mondiale (1930 1943); Tragedia della Guerra, Ricostruzione, 18 Aprile '48 (1945 1950); Ripresa, 1 paese Diviso tra Politica e Fermento Culturale; Confronto Politico tra Fine Guerra e Era Centrismo; Dalla liberazione Alla Repubblica; Vita Ricomincia, mutamenti Sociali, battaglie Culturali, Spartiacque Storico del 18 Aprile 1948; Anni 1948 1952 Italia del miracolo Economico. Ricominciamo Cinema, Alba Cinema Cattolico: Pastor Angelicus, Primo passo Verso Produzione; passaggio dal Documentario al Film; Difficoltà ed Ostacoli al Progetto; Ultimi, Convulsi giorni Verso la Orbis; Film Orbis Spa;Progetti Artistici ed Assetti Societari; piano Lavorazione Film Angeli Neri; Testimone; Gennaio 1945, inizio ufficiale Produzione; Ultimi Dettagli Opere in Programma; Segno del Cambiamento; Universalia Film Spa; Progetti Dopo Daniele Cortis; terra Trema; Fabiola; Guarany e Transizione Verso Fine Diun'Epoca; 1950 ed Oltre. Orbis Universalia e Rilancio Economico Cinema Italiano: produzioni Orbis; Universalia. Orbis Universalia e Neorealismo. Testimonianze: Suso Cecchi D'Amico; Carlo Lizzani; Turi Vasile. documentazione Iconografica. Bibliografia."
650 _aSTORIA NAZIONALE DEL CINEMA
650 _eCodice materia Spics: 6809
700 _aAnziano Aldo
700 _gCodice Aut. SPICS: 58661
942 _cBK
957 _71
999 _c93318
_d93318
999 _g1